THE CHRONICLES OF NARNIA (Record no. 33892)

MARC details
000 -LEADER
fixed length control field 00252nam a22001217a 4500
003 - CONTROL NUMBER IDENTIFIER
control field SGT
082 ## - DEWEY DECIMAL CLASSIFICATION NUMBER
Classification number 823
Item number LEW
100 ## - MAIN ENTRY--PERSONAL NAME
Personal name LEWIS C.S
245 ## - TITLE STATEMENT
Title THE CHRONICLES OF NARNIA
260 ## - PUBLICATION, DISTRIBUTION, ETC. (IMPRINT)
Place of publication, distribution, etc LONDON
Name of publisher, distributor, etc HARPER PUB
Year of Publication 2009
300 ## - PAGE DESCRIPTION
No. of Pages 266
942 ## - ADDED ENTRY ELEMENTS (KOHA)
Source of classification or shelving scheme Dewey Decimal Classification
Koha item type Books
Holdings
Withdrawn status Lost status Source of classification or shelving scheme Damaged status Not for loan Collection code Home library Current library Shelving location Date acquired Volume Information (Serial or Books or Non-Book Material) SGTU Total Checkouts Full call number Accession No. (Barcode) Date last seen Bill Date Koha item type
    Dewey Decimal Classification     MASS COMMUNICATION SGT Science & Social Sciences Library SGT Science & Social Sciences Library Text Book 04/02/2026 5 SGTU   823 LEW MC1556 04/02/2026 04/02/2026 Books